000 00579cam a2200205ua 4500
001 6968
008 141118n ii |||gr||||Z||||||eng
020 _a9788132102304
040 _cMAIN
041 _aeng
082 _a301
100 _aBrunner, Hans-Peter,
_eEditor.
245 _aNorth east India :
_bLocal economic development and global markets /
_cEdited by Hans-Peter Brunner .
250 _a1st.
260 _aNew Delhi:
_bSage publications India,
_c2010.
300 _axvii,215.
653 _aSociology & anthropology
653 _aNorth east studies
942 _cBK
999 _c6110
_d6110